00000000nam 2200000zi 4500
0019.943756
003CaOODSP
00520250123083950
006m     o  d f      
007cr cn|||||||||
008241003e20240808qucd    ob   f000 0 eng d
020 |a9780660738901 |q(report)
020 |a9780660738918 |q(summary)
040 |aCaOODSP|beng|erda|cCaOODSP
043 |an-cn---
0861 |aCH7-62/2024E-PDF
0861 |aCH7-62/2024-1E-PDF
24500|aEvaluation of the Canada Music Fund, 2018-19 to 2022-23.
264 1|a[Gatineau, Quebec] : |bCanadian Heritage = Patrimoine canadien, |cAugust 8, 2024.
264 4|c©2024
300 |a1 online resource (ii, vi, 38 pages) : |bcolour charts + |esummary (2 unnumbered pages)
336 |atext|btxt|2rdacontent
337 |acomputer|bc|2rdamedia
338 |aonline resource|bcr|2rdacarrier
500 |aIssued also in French under title: Évaluation du Fonds de la musique du Canada, 2018-2019 à 2022-2023.
504 |aIncludes bibliographical references (page 38).
61020|aCanada Music Fund|xEvaluation.
650 0|aGovernment aid to music|zCanada|xEvaluation.
7101 |aCanada. |bCanadian Heritage. |bEvaluation Services, |eissuing body.
77508|tÉvaluation du Fonds de la musique du Canada, 2018-2019 à 2022-2023. |w(CaOODSP)9.943762
795 |tEvaluation of the Canada Music Fund, 2012-13 to 2017-18.|w(CaOODSP)9.878397
85640|qPDF|s931 KB|uhttps://publications.gc.ca/collections/collection_2025/pch/CH7-62-2024-eng.pdf|zReport
85640|qPDF|s2.10 MB|uhttps://publications.gc.ca/collections/collection_2025/pch/CH7-62-2024-1-eng.pdf|zSummary
8564 |qHTML|sN/A|uhttps://www.canada.ca/en/canadian-heritage/corporate/publications/evaluations/canada-music-fund-2018-2023.html|zReport
8564 |qHTML|sN/A|uhttps://www.canada.ca/en/canadian-heritage/corporate/publications/evaluations/canada-music-fund-2018-2023/summary.html|zSummary